<?xml version="1.0" encoding="UTF-8"?>
<record
    xmlns:xsi="http://www.w3.org/2001/XMLSchema-instance"
    xsi:schemaLocation="http://www.loc.gov/MARC21/slim http://www.loc.gov/standards/marcxml/schema/MARC21slim.xsd"
    xmlns="http://www.loc.gov/MARC21/slim">

  <leader>02712nam a2200325uu 4500</leader>
  <controlfield tag="001">1291898</controlfield>
  <controlfield tag="005">20260508075015.0</controlfield>
  <controlfield tag="007">co|||||||</controlfield>
  <controlfield tag="008">120731e20110731                    spa  </controlfield>
  <datafield tag="035" ind1=" " ind2=" ">
    <subfield code="a">1291898</subfield>
  </datafield>
  <datafield tag="040" ind1=" " ind2=" ">
    <subfield code="c">comduadb</subfield>
  </datafield>
  <datafield tag="041" ind1=" " ind2=" ">
    <subfield code="a">spa</subfield>
  </datafield>
  <datafield tag="082" ind1=" " ind2="4">
    <subfield code="a">616</subfield>
  </datafield>
  <datafield tag="100" ind1="1" ind2="0">
    <subfield code="a">Jaramillo Ram&#xED;rez, Jos&#xE9; Fernando</subfield>
    <subfield code="4">aut</subfield>
    <subfield code="e">aut</subfield>
    <subfield code="9">648406</subfield>
  </datafield>
  <datafield tag="245" ind1="1" ind2="0">
    <subfield code="a">Resistencia a la insulina y herramientas para su diagn&#xF3;stico</subfield>
  </datafield>
  <datafield tag="260" ind1=" " ind2=" ">
    <subfield code="a">Medell&#xED;n :</subfield>
    <subfield code="b">[sin publicador],</subfield>
    <subfield code="c">2011.</subfield>
  </datafield>
  <datafield tag="300" ind1=" " ind2=" ">
    <subfield code="a">1 CD-ROM</subfield>
  </datafield>
  <datafield tag="520" ind1="3" ind2=" ">
    <subfield code="a">La resistencia a la insulina es una condici&#xF3;n en la que existe una incapacidad para responder en forma normal a las acciones de la insulina por parte del organismo.  En estudios actuales se confiri&#xF3; al metabolismo de los &#xE1;cidos grasos como factor desencadenante de esta enfermedad, demostr&#xE1;ndose una correlaci&#xF3;n entre la acumulaci&#xF3;n excesiva de l&#xED;pidos en el tejido adiposo, en el m&#xFA;sculo esquel&#xE9;tico,  y en el h&#xED;gado principalmente  y la aparici&#xF3;n de resistencia a la insulina.
Debido a que la resistencia a la insulina se asocia con  diferentes alteraciones fisiopatol&#xF3;gicas como la diabetes mellitus 2, es de vital importancia realizar una determinaci&#xF3;n oportuna de la misma. Para tal fin y gracias a los estudios realizados existen diversas t&#xE9;cnicas dentro de las cuales se encuentran, basadas en datos basales: insulinemia basal, cociente glucemia/insulinemia basal, modelo homeost&#xE1;tico-HOMA, &#xED;ndices FIRI, QUICKI, e ISI; basadas en est&#xED;mulo oral: insulinemia estimulada, &#xED;ndices Belfiore, Cederholm y Matsuda; basados en est&#xED;mulos endovenosos: t&#xE9;cnicas de Clamp Eugluc&#xE9;mico Hiperinsulin&#xE9;mico e Hipergluc&#xE9;mico, Minimal Model, Modelo homeost&#xE1;tico-CIGMA y test de tolerancia a la insulina.
En el presente trabajo se realizar&#xE1; una revisi&#xF3;n de dos de estos m&#xE9;todos, el modelo homeost&#xE1;tico-HOMA dadas las grandes ventajas de costos y facilidad de realizaci&#xF3;n que &#xE9;ste presenta y el Clamp Eugluc&#xE9;mico Hiperinsulin&#xE9;mico, t&#xE9;cnica considerada como el "est&#xE1;ndar  de oro" del estudio de la insulinorresistencia que permite la validaci&#xF3;n de los m&#xE9;todos surgidos posteriormente para la evaluaci&#xF3;n de la resistencia insul&#xED;nica, y se hablara un poco de estos &#xFA;ltimos.</subfield>
  </datafield>
  <datafield tag="650" ind1=" " ind2=" ">
    <subfield code="a">Insulina - Fisiopatologia</subfield>
    <subfield code="9">74663</subfield>
  </datafield>
  <datafield tag="650" ind1=" " ind2=" ">
    <subfield code="a">Resistencia a la insulina</subfield>
    <subfield code="9">24285</subfield>
  </datafield>
  <datafield tag="650" ind1=" " ind2=" ">
    <subfield code="a">S&#xED;ndrome metab&#xF3;lico</subfield>
    <subfield code="9">136410</subfield>
  </datafield>
  <datafield tag="650" ind1=" " ind2=" ">
    <subfield code="a">Trastornos metab&#xF3;licos</subfield>
    <subfield code="9">67875</subfield>
  </datafield>
  <datafield tag="650" ind1=" " ind2="7">
    <subfield code="a">Diabetes mellitus tipo 2</subfield>
    <subfield code="2">dcs</subfield>
    <subfield code="9">133780</subfield>
  </datafield>
  <datafield tag="700" ind1="1" ind2="0">
    <subfield code="a">Loaiza Castrill&#xF3;n, Sandra Milena</subfield>
    <subfield code="4">aut</subfield>
    <subfield code="e">aut</subfield>
    <subfield code="9">670600</subfield>
  </datafield>
  <datafield tag="700" ind1="1" ind2="0">
    <subfield code="a">Ortega Benavides, Carol Andrea</subfield>
    <subfield code="4">aut</subfield>
    <subfield code="e">aut</subfield>
    <subfield code="9">662764</subfield>
  </datafield>
  <datafield tag="700" ind1="1" ind2="0">
    <subfield code="a">Gallego Lopera, Natalia</subfield>
    <subfield code="4">ths</subfield>
    <subfield code="e">ths</subfield>
    <subfield code="9">618920</subfield>
  </datafield>
  <datafield tag="942" ind1=" " ind2=" ">
    <subfield code="c">TESIS</subfield>
  </datafield>
  <datafield tag="999" ind1=" " ind2=" ">
    <subfield code="c">622121</subfield>
    <subfield code="d">622121</subfield>
  </datafield>
  <datafield tag="502" ind1=" " ind2=" ">
    <subfield code="b">17</subfield>
    <subfield code="c">4</subfield>
  </datafield>
  <datafield tag="526" ind1=" " ind2=" ">
    <subfield code="a">17</subfield>
  </datafield>
  <datafield tag="952" ind1=" " ind2=" ">
    <subfield code="0">0</subfield>
    <subfield code="1">0</subfield>
    <subfield code="4">0</subfield>
    <subfield code="7">0</subfield>
    <subfield code="8">TESDIGBC</subfield>
    <subfield code="a">BC</subfield>
    <subfield code="b">BC</subfield>
    <subfield code="d">2012-07-31</subfield>
    <subfield code="e">Material adquirido por donaci&#xF3;n</subfield>
    <subfield code="i">C1150358</subfield>
    <subfield code="l">0</subfield>
    <subfield code="o">616.462 J371 CD-ROM</subfield>
    <subfield code="p">0758415</subfield>
    <subfield code="r">2023-05-01 00:00:00</subfield>
    <subfield code="t">1</subfield>
    <subfield code="w">2023-05-01</subfield>
    <subfield code="y">DIGITAL</subfield>
  </datafield>
</record>
